[Event "Baden-ch U12"]
[Site "Karlsruhe"]
[Date "2012.01.05"]
[Round "7"]
[White "Fesenmeier, Karl"]
[Black "Meyer, Robin"]
[Result "1-0"]
[WhiteElo "1214"]
[BlackElo "788"]
[PlyCount "61"]
[EventDate "2012.01.03"]
[EventType "swiss"]
[EventRounds "7"]
[EventCountry "GER"]
[SourceTitle "EXT 2015"]
[Source "ChessBase"]
[SourceDate "2014.11.20"]
[SourceVersion "1"]
[SourceVersionDate "2014.11.20"]
[SourceQuality "1"]

1. e4 c5 2. Nf3 d6 3. d4 Nf6 4. Nc3 Nbd7 5. Bb5 a6 6. Bxd7+ Bxd7 7. 0-0 e6 8. dxc5 dxc5 9. Ne5 Qc7 10. Nxd7 Nxd7 11. Qf3 Ne5 12. Qg3 Bd6 13. f4 Nc6 14. e5 Be7 15. Be3 f5 16. Rad1 Nb4 17. Qxg7 Rf8 18. Qxh7 Nxc2 19. Bf2 c4 20. Rd2 Nb4 21. Qg6+ Rf7 22. Qxe6 Rg7 23. Qxf5 Qc6 24. Qe4 Qc7 25. f5 Qc8 26. f6 Rg4 27. fxe7 Nc6 28. Qh7 Nxe7 29. Bh4 Qc5+ 30. Kh1 Qxe5 31. Qf7# 1-0

[Event "Baden-ch U12"]
[Site "Karlsruhe"]
[Date "2012.01.04"]
[Round "5"]
[White "Meyer, Robin"]
[Black "Bachmann, Jonas"]
[Result "0-1"]
[WhiteElo "788"]
[BlackElo "1510"]
[PlyCount "120"]
[EventDate "2012.01.03"]
[EventType "swiss"]
[EventRounds "7"]
[EventCountry "GER"]
[SourceTitle "EXT 2015"]
[Source "ChessBase"]
[SourceDate "2014.11.20"]
[SourceVersion "1"]
[SourceVersionDate "2014.11.20"]
[SourceQuality "1"]

1. e4 d5 2. Nc3 dxe4 3. Nxe4 Nc6 4. d3 Nf6 5. Nxf6+ exf6 6. Nf3 Bg4 7. h3 Bh5 8. Be2 Bc5 9. c3 0-0 10. 0-0 Re8 11. Re1 Qe7 12. Bd2 Bd6 13. a3 Ne5 14. g4 Bg6 15. Nxe5 Qxe5 16. f4 Qe6 17. b4 h6 18. Bf3 Qd7 19. Be2 f5 20. Rb1 fxg4 21. Bxg4 f5 22. Bf3 Rxe1+ 23. Qxe1 Re8 24. Qf2 c6 25. h4 Bc7 26. d4 b6 27. h5 Bh7 28. a4 Bd6 29. c4 Qc7 30. Qg3 c5 31. Bd5+ Kh8 32. Kf2 cxd4 33. Rg1 Qe7 34. Bf3 Qf6 35. Bc6 Re7 36. Bf3 d3 37. Bd1 Bxb4 38. Bxb4 Qb2+ 39. Kf3 Qxb4 40. Kg2 Qxc4 41. Kh1 Qe4+ 42. Rg2 Qe1+ 43. Rg1 Qxg3 44. Rxg3 Re1+ 45. Rg1 d2 46. Kh2 g6 47. Kg2 Re4 48. hxg6 Bxg6 49. Rf1 Be8 50. Kf3 Bxa4 51. Kg3 Re1 52. Rxe1 dxe1Q+ 53. Kf3 Bxd1+ 54. Kg2 Qe3 55. Kh2 Qf3 56. Kg1 Qe2 57. Kh1 Bc2 58. Kg1 Bd3 59. Kh1 Be4+ 60. Kg1 Qg2# 0-1

[Event "Baden-ch U12"]
[Site "Karlsruhe"]
[Date "2012.01.03"]
[Round "1"]
[White "Straub, Felix"]
[Black "Meyer, Robin"]
[Result "1-0"]
[WhiteElo "1250"]
[BlackElo "788"]
[PlyCount "113"]
[EventDate "2012.01.03"]
[EventType "swiss"]
[EventRounds "7"]
[EventCountry "GER"]
[SourceTitle "EXT 2015"]
[Source "ChessBase"]
[SourceDate "2014.11.20"]
[SourceVersion "1"]
[SourceVersionDate "2014.11.20"]
[SourceQuality "1"]

1. d4 d5 2. c4 dxc4 3. Nc3 Nf6 4. Bg5 h6 5. Bh4 Nd5 6. e4 Nxc3 7. bxc3 Qd6 8. Qa4+ Bd7 9. Qc2 e5 10. Bg3 f6 11. Bxc4 Be6 12. d5 Bf7 13. Nf3 Nd7 14. Rd1 Bh5 15. Be2 Bxf3 16. Bxf3 g6 17. Be2 a6 18. h3 Rg8 19. Bc4 b5 20. Bb3 a5 21. a4 b4 22. 0-0 Rb8 23. cxb4 Rxb4 24. Ba2 h5 25. Qc6 Qxc6 26. dxc6 Rh8 27. cxd7+ Kd8 28. Rfe1 Rb2 29. Bc4 c6 30. f4 Bg7 31. Re2 Rxe2 32. Bxe2 exf4 33. Bf2 g5 34. Bb6+ Ke7 35. d8Q+ Rxd8 36. Bxd8+ Kf7 37. Bxh5+ Ke6 38. Bxa5 Ke5 39. Bf3 Bf8 40. Bc3+ Ke6 41. a5 Bc5+ 42. Bd4 Bd6 43. Rb1 Bc7 44. a6 c5 45. Bxc5 Bb6 46. Rxb6+ Ke5 47. Bd6+ Kd4 48. a7 g4 49. Bxf4 gxf3 50. gxf3 f5 51. a8Q fxe4 52. Qxe4+ Kc3 53. Rd6 Kb3 54. Qc6 Kb4 55. Rd8 Kb3 56. Rb8+ Ka3 57. Qa8# 1-0